• 首页
  • 本馆介绍
  • 公告通知
  • 最新文献
  • 馆藏检索
  • 电子资源
  • 读者导购
  • 参考咨询
  • 我的图书馆
  • 登录
  • 详细信息显示
  • 放入我的书架
  • 预约/预借图书
  • 作者相关作品
  • 分类相关作品
  • 丛书相关作品
  • 出版社相关作品

书目信息

  • 表格格式
  • 工作单格式
  • 卡片格式
题名:
危险化学品安全生产检查
    
 
作者: 付林 主编
分册:  
出版信息: 北京   化学工业出版社  2015
页数: 244页
开本: 26cm
丛书名:
单 册:
中图分类: TQ086.5
科图分类:
主题词: 化工产品--危险品--安全生产--安全检查--技术培训--教材
电子资源:
ISBN: 978-7-122-23664-7
000 01072nam0 2200229 450
001 2338180207
005 20231202121838.11
010    @a978-7-122-23664-7@dCNY52.00
100    @a20151101d2015 em y0chiy50 ea
101 0  @achi
102    @aCN@b110000
105    @aa z 000yy
200 1  @a危险化学品安全生产检查@Awei xian hua xue pin an quan sheng chan jian cha@f付林主编
210    @a北京@c化学工业出版社@d2015
215    @a244页@c图@d26cm
300    @a危险化学品安全管理人员培训系列教材
330    @a本书针对危险化学品安全生产管理人员、监察人员,全面介绍了危险化学品安全生产检查通用要求,典型危险化学品企业如石油化工、工业气体、加油站、油库等安全检查专业要求,典型危险化学品事故案例分析等。书末以附录和附表的方式提供了丰富实用的相关资料,如危险化学品名称及临界量、储存混存性能互抵表、危险化学品储存温湿度条件、化学品的消防方法、各类危险品建筑物的防火间距与安全间距(距离)等。
606 0  @a化工产品@x危险品@x安全生产@x安全检查@x技术培训@j教材
690    @aTQ086.5@v5
701  0 @a付林@Afu lin@4主编
801  0 @aCN@b山东中教@c20231126
905    @aBZT@dTQ086.5@e14
    
    危险化学品安全生产检查/付林主编.-北京:化学工业出版社,2015
    244页:图;26cm
    危险化学品安全管理人员培训系列教材
    
    ISBN 978-7-122-23664-7:CNY52.00
    本书针对危险化学品安全生产管理人员、监察人员,全面介绍了危险化学品安全生产检查通用要求,典型危险化学品企业如石油化工、工业气体、加油站、油库等安全检查专业要求,典型危险化学品事故案例分析等。书末以附录和附表的方式提供了丰富实用的相关资料,如危险化学品名称及临界量、储存混存性能互抵表、危险化学品储存温湿度条件、化学品的消防方法、各类危险品建筑物的防火间距与安全间距(距离)等。
●
相关链接 在五车中查询图书 在当当中查询图书 在豆瓣中查询图书


正题名:危险化学品安全生产检查     索取号:TQ086.5/14         预约/预借

序号 登录号 条形码 馆藏地/架位号 状态 备注
1 2001190814   2001190814   中教(第二批第二书库)/山东中教(第二批)/1946/ [索取号:TQ086.5/14] 在馆    
2 2001190815   2001190815   中教(第二批第二书库)/山东中教(第二批)/1946/ [索取号:TQ086.5/14] 在馆    
3 2001190816   2001190816   中教(第二批第二书库)/山东中教(第二批)/1946/ [索取号:TQ086.5/14] 在馆    
4 2001190817   2001190817   中教(第二批第二书库)/山东中教(第二批)/1946/ [索取号:TQ086.5/14] 在馆    
5 2001190818   2001190818   中教(第二批第二书库)/山东中教(第二批)/1946/ [索取号:TQ086.5/14] 在馆    
6 2001190819   2001190819   中教(第二批第二书库)/山东中教(第二批)/1946/ [索取号:TQ086.5/14] 在馆    
7 2001190820   2001190820   中教(第二批第二书库)/山东中教(第二批)/1946/ [索取号:TQ086.5/14] 在馆    
8 2001190821   2001190821   中教(第二批第二书库)/山东中教(第二批)/1946/ [索取号:TQ086.5/14] 在馆    
9 2001190822   2001190822   中教(第二批第二书库)/山东中教(第二批)/1946/ [索取号:TQ086.5/14] 在馆    
10 2001190823   2001190823   中教(第二批第二书库)/山东中教(第二批)/1946/ [索取号:TQ086.5/14] 在馆    
11 2001190824   2001190824   中教(第二批第二书库)/山东中教(第二批)/1946/ [索取号:TQ086.5/14] 在馆    
12 2001190825   2001190825   中教(第二批第二书库)/山东中教(第二批)/1946/ [索取号:TQ086.5/14] 在馆    
13 2001190826   2001190826   中教(第二批第二书库)/山东中教(第二批)/1946/ [索取号:TQ086.5/14] 在馆    
14 2001190827   2001190827   中教(第二批第二书库)/山东中教(第二批)/1946/ [索取号:TQ086.5/14] 在馆    
15 2001190828   2001190828   中教(第二批第二书库)/山东中教(第二批)/1946/ [索取号:TQ086.5/14] 在馆    
16 2001190829   2001190829   中教(第二批第二书库)/山东中教(第二批)/1946/ [索取号:TQ086.5/14] 在馆    
17 2001190830   2001190830   中教(第二批第二书库)/山东中教(第二批)/1946/ [索取号:TQ086.5/14] 在馆    
18 2001190831   2001190831   中教(第二批第二书库)/山东中教(第二批)/1946/ [索取号:TQ086.5/14] 在馆    
19 2001190832   2001190832   中教(第二批第二书库)/山东中教(第二批)/1946/ [索取号:TQ086.5/14] 在馆    
20 2001190833   2001190833   中教(第二批第二书库)/山东中教(第二批)/1946/ [索取号:TQ086.5/14] 在馆    
21 2001190834   2001190834   中教(第二批第二书库)/山东中教(第二批)/1946/ [索取号:TQ086.5/14] 在馆    
22 2001190835   2001190835   中教(第二批第二书库)/山东中教(第二批)/1946/ [索取号:TQ086.5/14] 在馆    
23 2001190836   2001190836   中教(第二批第二书库)/山东中教(第二批)/1946/ [索取号:TQ086.5/14] 在馆    
24 2001190837   2001190837   中教(第二批第二书库)/山东中教(第二批)/1946/ [索取号:TQ086.5/14] 在馆    
25 2001190838   2001190838   中教(第二批第二书库)/山东中教(第二批)/1946/ [索取号:TQ086.5/14] 在馆    
26 2001190839   2001190839   中教(第二批第二书库)/山东中教(第二批)/1946/ [索取号:TQ086.5/14] 在馆    
27 2001190840   2001190840   中教(第二批第二书库)/山东中教(第二批)/1946/ [索取号:TQ086.5/14] 在馆    
28 2001190841   2001190841   中教(第二批第二书库)/山东中教(第二批)/1946/ [索取号:TQ086.5/14] 在馆    
29 2001190842   2001190842   中教(第二批第二书库)/山东中教(第二批)/1946/ [索取号:TQ086.5/14] 在馆    
30 2001190843   2001190843   中教(第二批第二书库)/山东中教(第二批)/1947/ [索取号:TQ086.5/14] 在馆    
山东省滨州职业学院图书馆 欢迎您!
大连网信软件有限公司© 版权所有